[Event "Wch FIDE Online U10 Girls America qual"]
[Site "Tornelo INT"]
[Date "2020.12.03"]
[Round "5"]
[White "Azocar Gajardo, Javiera"]
[Black "Vizcarra Quispe, Ramalia Bellaluz"]
[Result "0-1"]
[WhiteElo "1004"]
[BlackElo "1072"]
[PlyCount "118"]
[EventDate "2020.12.01"]
[EventType "swiss (rapid)"]
[EventRounds "7"]
[EventCountry "ISS"]
[SourceTitle "EXT 2022"]
[Source "ChessBase"]
[SourceDate "2021.10.06"]
[SourceVersion "1"]
[SourceVersionDate "2021.10.06"]
[SourceQuality "1"]

1. e4 e5 2. Nf3 d5 3. exd5 e4 4. Qe2 Nf6 5. Nc3 Be7 6. Nxe4 0-0 7. d3 Qxd5 8. Nc3 Qd8 9. Bf4 Bb4 10. Qd2 Re8+ 11. Be2 Nd5 12. Be5 Nc6 13. a3 Bxc3 14. Bxc3 Nxc3 15. Qxc3 Qe7 16. Qd2 Bg4 17. Ng1 Bxe2 18. Nxe2 Nd4 19. 0-0-0 Qxe2 20. Qxe2 Rxe2 21. Rd2 Rxd2 22. Kxd2 Re8 23. Kc3 Ne2+ 24. Kd2 Nf4 25. g3 Ng6 26. Kc3 Ne5 27. Re1 Kf8 28. f4 Nf3 29. Rh1 Re2 30. h3 Rh2 31. Rxh2 Nxh2 32. Kd4 Nf3+ 33. Ke4 Ne1 34. c3 f5+ 35. Kd4 g5 36. Ke3 g4 37. hxg4 fxg4 38. d4 Ke7 39. Ke4 Ke6 40. b3 Nf3 41. f5+ Kf6 42. Kf4 h5 43. Ke4 Nd2+ 44. Kd5 Nxb3 45. Kc4 Nd2+ 46. Kd3 Nf1 47. Ke4 Nxg3+ 48. Kf4 Nxf5 49. Ke4 h4 50. Kf4 h3 51. Ke4 h2 52. Kd5 h1Q+ 53. Kc5 Qc6+ 54. Kb4 a6 55. a4 Ne3 56. Kb3 Qc4+ 57. Ka3 Qxc3+ 58. Ka2 Nc4 59. Kb1 Qb2# 0-1

[Event "Wch FIDE Online U10 Girls America qual"]
[Site "Tornelo INT"]
[Date "2020.12.03"]
[Round "6"]
[White "Guzman, Vanesa"]
[Black "Azocar Gajardo, Javiera"]
[Result "1-0"]
[WhiteElo "1318"]
[BlackElo "1004"]
[PlyCount "99"]
[EventDate "2020.12.01"]
[EventType "swiss (rapid)"]
[EventRounds "7"]
[EventCountry "ISS"]
[SourceTitle "EXT 2022"]
[Source "ChessBase"]
[SourceDate "2021.10.06"]
[SourceVersion "1"]
[SourceVersionDate "2021.10.06"]
[SourceQuality "1"]

1. e4 e5 2. Nf3 Nc6 3. Bc4 Bc5 4. 0-0 Nf6 5. d4 exd4 6. e5 d5 7. exf6 dxc4 8. fxg7 Rg8 9. Re1+ Be6 10. Ng5 Qd7 11. Nxe6 fxe6 12. Qh5+ Qf7 13. Qxc5 0-0-0 14. Qxc4 Qxg7 15. Qxe6+ Rd7 16. Qh3 Nb4 17. Na3 Kb8 18. Bh6 Qg6 19. Bf4 a6 20. Bg3 Rdd8 21. Qe6 Qh5 22. Qe5 Qf7 23. Qe7 Qxe7 24. Rxe7 Nd5 25. Re5 Ka7 26. Rae1 Kb6 27. Re6+ Kc5 28. R6e5 Rd6 29. Re8 Rg7 30. Bxd6+ cxd6 31. R8e4 b5 32. Rd1 b4 33. Nb1 d3 34. Rxd3 Rg5 35. Rdd4 Nf6 36. Rc4+ Kb6 37. Rxb4+ Kc7 38. Re7+ Kd8 39. Re1 Nd5 40. Ra4 Nb6 41. Rxa6 Kc7 42. Nc3 Kb7 43. Ra3 Nc4 44. Rb3+ Kc6 45. Ne4 Re5 46. Kf1 Kd5 47. Nc3+ Kd4 48. Rxe5 Kxe5 49. Rb5+ Kd4 50. Rd5# 1-0

[Event "Wch FIDE Online U10 Girls America qual"]
[Site "Tornelo INT"]
[Date "2020.12.02"]
[Round "2"]
[White "Chavarria Troya, Keytleen Denis"]
[Black "Azocar Gajardo, Javiera"]
[Result "0-1"]
[WhiteElo "1359"]
[BlackElo "1004"]
[PlyCount "86"]
[EventDate "2020.12.01"]
[EventType "swiss (rapid)"]
[EventRounds "7"]
[EventCountry "ISS"]
[SourceTitle "EXT 2022"]
[Source "ChessBase"]
[SourceDate "2021.10.06"]
[SourceVersion "1"]
[SourceVersionDate "2021.10.06"]
[SourceQuality "1"]

1. e4 e5 2. d4 exd4 3. c3 Nc6 4. Nf3 Nf6 5. e5 Ng4 6. cxd4 Bb4+ 7. Nc3 d6 8. a3 Ba5 9. b4 Bb6 10. Bc4 dxe5 11. dxe5 Qxd1+ 12. Nxd1 Ncxe5 13. Be2 0-0 14. 0-0 Nxf3+ 15. Bxf3 Re8 16. h3 Ne5 17. Re1 Nxf3+ 18. gxf3 Rxe1+ 19. Kg2 Rxd1 20. h4 Be6 21. a4 Bd4 22. Bb2 Bxb2 23. Rxd1 g6 24. Kg3 Be5+ 25. f4 Bd6 26. b5 a6 27. bxa6 Rxa6 28. Ra1 Bd7 29. f3 Bxa4 30. Kg4 Bd7+ 31. Kg3 Rxa1 32. Kg2 Bxf4 33. Kf2 Ra2+ 34. Kf1 Bg3 35. Kg1 Bc6 36. Kf1 Bxf3 37. Kg1 Bf4 38. Kf1 Kg7 39. Ke1 b5 40. Kf1 b4 41. Kg1 b3 42. Kf1 b2 43. Ke1 b1Q# 0-1

[Event "Pan American-ch U08 Girls"]
[Site "Santiago de Chile"]
[Date "2018.07.24"]
[Round "4"]
[White "Azocar Gajardo, Javiera"]
[Black "Rossel Grandon, Maria Ignacia"]
[Result "1-0"]
[WhiteElo "1004"]
[BlackElo "1001"]
[PlyCount "53"]
[EventDate "2018.07.22"]
[EventType "swiss"]
[EventRounds "9"]
[EventCountry "CHI"]
[SourceTitle "EXT 2022"]
[Source "ChessBase"]
[SourceDate "2021.10.06"]
[SourceVersion "1"]
[SourceVersionDate "2021.10.06"]
[SourceQuality "1"]

1. e4 e5 2. Nf3 Nc6 3. Bc4 Nf6 4. d3 Bc5 5. c3 h6 6. Nbd2 d6 7. h3 Be6 8. Bb3 Qd7 9. Nf1 0-0-0 10. Ng3 g5 11. 0-0 Rdg8 12. Re1 h5 13. Nxg5 h4 14. Nf1 Kb8 15. Nxe6 fxe6 16. Be3 Qg7 17. Qf3 Bxe3 18. Rxe3 Nh5 19. Bxe6 Nf4 20. Bxg8 Rxg8 21. g3 Nxh3+ 22. Kh2 Ng5 23. Qg4 Rh8 24. gxh4 Ne7 25. Rg3 Ng6 26. Kg2 Nf4+ 27. Kh1 1-0